El tragaluz (Record no. 173035)

MARC details
000 -LEADER
campo de control de longitud fija 00694nam a2200217 4500
001 - NÚMERO DE CONTROL
campo de control 173035
003 - IDENTIFICADOR DE NÚMERO DE CONTROL
campo de control ES-MaACL
005 - FECHA Y HORA DE LA ÚLTIMA TRANSACCIÓN
campo de control 20230906215119.0
008 - DATOS DE LONGITUD FIJA--INFORMACIÓN GENERAL
campo de control de longitud fija 091015s1972 sp r |||| | spa d
017 ## - NÚMERO DE COPYRIGHT O DE DEPÓSITO LEGAL
Número de copyright o de depósito legal M 8723-1972
080 ## - NÚMERO DE LA CLASIFICACIÓN DECIMAL UNIVERSAL
Número de la Clasificación Decimal Universal 821.134.2-23"19"
100 1# - ENTRADA PRINCIPAL--NOMBRE DE PERSONA
Nombre de persona Buero Vallejo, Antonio,
Fechas asociadas al nombre 1916-2000
9 (RLIN) 32421
245 13 - MENCIÓN DEL TÍTULO
Título El tragaluz
Resto del título : experimento en dos partes /
Mención de responsabilidad, etc. original de Antonio Buero Vallejo.
250 ## - MENCION DE EDICION
Mención de edición 3ª ed.
260 ## - PUBLICACIÓN, DISTRIBUCIÓN, ETC.
Lugar de publicación, distribución, etc. Madrid :
Nombre del editor, distribuidor, etc. Escelicer,
Fecha de publicación, distribución, etc. [1972]
300 ## - DESCRIPCIÓN FÍSICA
Extensión 103 p. ;
Dimensiones 16 cm.
490 1# - MENCIÓN DE SERIE
Mención de serie Teatro ;
Designación de volumen o secuencia 572
830 0# - PUNTO DE ACCESO ADICIONAL DE SERIE-TÍTULO UNIFORME
Título uniforme Teatro ;
Designación de volumen o secuencia 572
9 (RLIN) 178026
852 4# - LOCALIZACIÓN
Ubicación ES-MaACL
Número de control de estantería E-13046
itemnumber R.190357 . -
Nota libre Biblioteca Jacinto Martínez Lacalle
Holdings
Estatus retirado Estado de pérdida Estado de daño No para préstamo Biblioteca de origen Biblioteca actual Ubicación en estantería Fecha de adquisición Fuente de adquisición Total de préstamos Signatura topográfica completa Código de barras Visto por última vez Precio de reemplazo Tipo de ítem Koha
        Biblioteca del Ateneo de Madrid Biblioteca del Ateneo de Madrid Depósito 2 15/10/2009     E-13046 1181565 23/02/2023 23/02/2023 Libro impreso